[Event "32. Münsterland Open"]
[Site "Senden, Deutschland"]
[Date "2014.10.12"]
[Round "3.6"]
[White "Kummerow, Heiko"]
[Black "Ciornei, Dragos"]
[Result "1/2-1/2"]
[WhiteElo "2266"]
[BlackElo "2138"]
[PlyCount "43"]
[EventDate "2014.??.??"]
[WhiteTeam "Recklinghäuser Läufer-Ost"]
[BlackTeam "Oberhausener SV"]

1. e4 e5 2. Nf3 Nc6 3. d4 exd4 4. Nxd4 Bc5 5. Nb3 Bb6 6. Nc3 Qf6 7. Qe2 Nge7 8.
Be3 d6 9. O-O-O Be6 10. f4 $2 $146 Bg4 11. Qxg4 Bxe3+ 12. Kb1 Bxf4 13. Bb5 Qg5
14. Qh3 O-O 15. Rhf1 Be5 16. Bxc6 bxc6 17. Qd7 Rac8 18. Qh3 Rb8 19. Qd7 Rbc8
20. Qh3 Rb8 21. Qd7 Rbc8 (21... Bxc3 22. bxc3 Rbc8 $17) 22. Qh3 1/2-1/2

[Event "32. Münsterland Open"]
[Site "Senden, Deutschland"]
[Date "2014.10.12"]
[Round "3.7"]
[White "Altenbernd, Dirk"]
[Black "Dahm, Jochen"]
[Result "0-1"]
[WhiteElo "1979"]
[BlackElo "2282"]
[PlyCount "86"]
[EventDate "2014.??.??"]
[WhiteTeam "SK Tönsberg Oerlinghausen"]
[BlackTeam "SG Bochum"]

1. c4 c5 2. Nc3 b6 3. e4 d6 4. g3 Bb7 5. Bg2 Nd7 6. Nge2 g6 7. d3 Bg7 8. Be3 e6
9. Qd2 a6 10. O-O Ne7 11. Bh6 O-O 12. Bxg7 Kxg7 13. d4 Qc7 14. d5 exd5 15. Nxd5
Nxd5 16. exd5 Qd8 17. Nc3 Nf6 18. Bh3 Bc8 19. Bxc8 Qxc8 20. Qf4 Qd7 21. Rfe1
Rfe8 22. f3 b5 23. b3 bxc4 24. bxc4 Rab8 25. Rxe8 Qxe8 26. Ne4 Nxe4 27. fxe4
Qe7 28. Rf1 f6 29. Rf2 Rb4 30. Rc2 Rb1+ 31. Kg2 Rd1 32. g4 Rd4 33. Kf3 Qe8 34.
Re2 Qb8 35. g5 fxg5 36. Qxg5 Qf8+ 37. Kg2 Qf6 38. Qg4 h5 39. Qd7+ Kh6 40. Qe6
Qg5+ 41. Kf2 Rd1 42. Kf3 Qg1 43. e5 Rf1+ 0-1

[Event "32. Münsterland Open"]
[Site "Senden, Deutschland"]
[Date "2014.10.12"]
[Round "3.8"]
[White "Böhm, Jürgen"]
[Black "Althoff, Ralph"]
[Result "1-0"]
[WhiteElo "2172"]
[BlackElo "2107"]
[PlyCount "59"]
[EventDate "2014.??.??"]
[WhiteTeam "SF Brackel"]
[BlackTeam "SF Olfen"]

1. d4 f5 2. Bg5 g6 3. Nc3 d5 4. h4 Bg7 5. e3 c6 6. Nh3 h6 7. Bf4 Nd7 8. Qf3 e5
9. Qg3 exf4 10. Qxg6+ Kf8 11. Qxf5+ Qf6 12. Qxf4 Ne7 13. Bd3 Ke8 14. O-O-O Rf8
15. Qg3 Bh8 16. Nf4 Rg8 17. Qh2 Nf8 18. Nce2 Nfg6 19. Nxg6 Nxg6 20. f3 Bf5 21.
e4 dxe4 22. fxe4 Bg4 23. e5 Qf2 24. Rd2 Rd8 $4 (24... Ne7 25. Nc3 Qe3 26. Ne4
Rd8 27. Nd6+ Rxd6 28. exd6 Nf5 $13) 25. Bxg6+ Rxg6 26. Nf4 Qe3 27. Nxg6 Rxd4
28. g3 Bf3 29. Rf1 Bxe5 30. Nxe5 1-0

[Event "32. Münsterland Open"]
[Site "Senden, Deutschland"]
[Date "2014.10.12"]
[Round "3.9"]
[White "Beckmann, David"]
[Black "Rüberg, Jobst"]
[Result "1/2-1/2"]
[WhiteElo "1995"]
[BlackElo "2167"]
[PlyCount "60"]
[EventDate "2014.??.??"]
[WhiteTeam "TV Borken"]
[BlackTeam "SV Ahlen"]

1. d4 Nf6 2. Nf3 e6 3. Bg5 c5 4. Bxf6 Qxf6 5. e3 d5 6. c3 Bd6 7. Bd3 Nc6 8.
Nbd2 O-O 9. O-O e5 10. e4 Be6 $2 (10... exd4 11. exd5 Ne5) 11. dxc5 $6 (11.
exd5 Bxd5 12. Be4 Bxe4 13. Nxe4 Qg6 14. Nxd6 Qxd6 15. dxe5 $16) 11... Bxc5 12.
Nb3 dxe4 13. Bxe4 Bb6 $11 14. Qc2 h6 15. Rfe1 Rae8 16. Rad1 Bg4 17. Nbd2 Bc7
18. Nf1 Bc8 19. Ne3 Ne7 20. Qb3 Bb6 21. Nc4 Be6 22. Qa4 Bxc4 23. Qxc4 Nc6 24.
Bxc6 bxc6 25. Rd2 Re6 26. Rde2 Rfe8 27. Qg4 Bc7 28. Nd2 Qe7 29. Ne4 g6 30. Qh3
Kg7 1/2-1/2

[Event "32. Münsterland Open"]
[Site "Senden, Deutschland"]
[Date "2014.10.12"]
[Round "3.10"]
[White "Van de Vyle, Jan"]
[Black "Krüger, Andre"]
[Result "0-1"]
[WhiteElo "1788"]
[BlackElo "2163"]
[PlyCount "38"]
[EventDate "2014.??.??"]
[WhiteTeam "Schach Nienberge"]
[BlackTeam "SV Mülheim-Nord"]

1. Nc3 c5 2. e4 e6 3. g3 Nc6 4. Bg2 g6 5. d3 Bg7 6. Be3 d6 7. Qd2 Nd4 8. Nd1 e5
9. c3 Ne6 10. Ne2 Ne7 11. Bh6 O-O 12. Bxg7 Kxg7 13. Ne3 f5 14. Nd5 f4 15. gxf4
Nxd5 16. exd5 Nxf4 17. Nxf4 Rxf4 18. Be4 Bg4 19. Rg1 Qh4 0-1

[Event "32. Münsterland Open"]
[Site "Senden, Deutschland"]
[Date "2014.10.12"]
[Round "4.1"]
[White "Gutman, Lev"]
[Black "Zaragatski, Ilja"]
[Result "1/2-1/2"]
[WhiteElo "2415"]
[BlackElo "2472"]
[PlyCount "120"]
[EventDate "2014.??.??"]
[WhiteTeam "SV Lingen"]
[BlackTeam "SF Katernberg"]

1. Nf3 Nf6 2. g3 b6 3. Bg2 Bb7 4. O-O e6 5. c4 c5 6. d4 cxd4 7. Qxd4 d6 8. Nc3
a6 9. Bg5 Nbd7 10. Nd2 Bxg2 11. Kxg2 h6 12. Bxf6 Qxf6 13. Qe3 Qg5 14. Qe4 Qd8
15. f4 Be7 16. f5 exf5 17. Rxf5 O-O 18. Raf1 Bf6 19. Nd5 Be5 20. Qf3 f6 21. b3
b5 22. Qg4 Rc8 23. Nf3 Nb6 24. Nf4 Bxf4 25. Rxf4 Qd7 26. Qxd7 Nxd7 27. cxb5
axb5 28. Rd4 Rfe8 29. Rxd6 Rxe2+ 30. Rf2 Rxf2+ 31. Kxf2 Ne5 32. Nxe5 fxe5 33.
Ke3 Ra8 34. Rd2 Kf7 35. Ke4 Ke6 36. h4 b4 37. Rd5 Rxa2 38. Rxe5+ Kf6 39. Rb5
Re2+ 40. Kf3 Rb2 41. Rxb4 h5 42. Rb5 g6 43. Ke4 Rg2 44. Rb6+ Kg7 45. Kf3 Rb2
46. b4 Rb1 47. Rb8 Rf1+ 48. Ke2 Rg1 49. Rb7+ Kf6 50. Rb6+ Kg7 51. Kf2 Rb1 52.
Rb8 Rb3 53. b5 Kf6 54. b6 Kg7 55. b7 Kh7 56. Ke2 Kg7 57. Kd2 Kh7 58. Kc2 Rb6
59. Kc3 Kg7 60. Kd4 Rb1 1/2-1/2

[Event "32. Münsterland Open"]
[Site "Senden, Deutschland"]
[Date "2014.10.12"]
[Round "4.2"]
[White "Podzielny, Karl-Heinz"]
[Black "Karpatchev, Aleksandr"]
[Result "1-0"]
[WhiteElo "2451"]
[BlackElo "2442"]
[PlyCount "119"]
[EventDate "2014.??.??"]
[WhiteTeam "SV Letmathe"]
[BlackTeam "SF Bad Mergentheim"]

1. Nf3 d5 2. g3 Nc6 3. Bg2 e5 4. d3 Nf6 5. O-O a5 6. Nc3 Bb4 7. a3 Bxc3 8. bxc3
O-O 9. Rb1 Re8 10. Bg5 h6 11. Bxf6 Qxf6 12. Nd2 Qd6 13. c4 d4 14. Qc1 Nd8 15.
Re1 c6 16. e3 Ne6 17. exd4 exd4 18. f4 Nc7 19. Ne4 Qf8 20. f5 Bxf5 21. Rxb7 Ne6
22. Rf1 Bg6 23. Qb2 Rab8 24. Nd2 Rxb7 25. Qxb7 Qxa3 26. Qxc6 Rf8 27. Nf3 Qe7
28. Ne5 Qg5 29. Nxg6 Qxg6 30. Bd5 Qg5 31. Kg2 Qe3 32. Qd7 Nd8 33. Qa7 Qd2+ 34.
Rf2 Qc3 35. Re2 Ne6 36. Qe7 Ng5 37. Rf2 Qb4 38. Qxb4 axb4 39. Rf4 Re8 40. h4
Ne6 41. Re4 Nc7 42. Rxe8+ Nxe8 43. Kf3 Nf6 44. Kf4 Nh5+ 45. Ke5 Nxg3 46. Kd6
Nf5+ 47. Kd7 Ne3 48. Be4 f5 49. Bf3 Nxc2 50. c5 Na3 51. Bd5+ Kh7 52. Kc6 Nc2
53. Kb6 Ne3 54. Be6 b3 55. Bxb3 f4 56. c6 f3 57. c7 f2 58. c8=Q f1=Q 59. Bg8+
Kg6 60. Qe8+ 1-0

[Event "32. Münsterland Open"]
[Site "Senden, Deutschland"]
[Date "2014.10.12"]
[Round "4.3"]
[White "Krüger, Andre"]
[Black "Pähtz, Thomas"]
[Result "1/2-1/2"]
[WhiteElo "2163"]
[BlackElo "2362"]
[PlyCount "37"]
[EventDate "2014.??.??"]
[WhiteTeam "SV Mülheim-Nord"]
[BlackTeam "Ilmenauer SV"]

1. b3 d5 2. Bb2 Nf6 3. e3 c6 4. Nf3 Bg4 5. Be2 Nbd7 6. d4 e6 7. Nbd2 Qc7 8. h3
Bxf3 9. Bxf3 e5 10. c4 e4 11. Be2 Bd6 12. Qc2 O-O 13. cxd5 cxd5 14. Qxc7 Bxc7
15. Rc1 Bd6 16. O-O Rfc8 17. Nb1 Kf8 18. Rxc8+ Rxc8 19. Rc1 1/2-1/2

[Event "32. Münsterland Open"]
[Site "Senden, Deutschland"]
[Date "2014.10.12"]
[Round "4.4"]
[White "Dahm, Jochen"]
[Black "Böhm, Jürgen"]
[Result "1/2-1/2"]
[WhiteElo "2282"]
[BlackElo "2172"]
[PlyCount "84"]
[EventDate "2014.??.??"]
[WhiteTeam "SG Bochum"]
[BlackTeam "SF Brackel"]

1. e4 e6 2. d4 d5 3. Nd2 Nf6 4. Bd3 c5 5. c3 cxd4 6. cxd4 dxe4 7. Nxe4 Bb4+ 8.
Nc3 O-O 9. Nf3 b6 10. O-O Bb7 11. a3 Be7 12. Re1 Nbd7 13. Bc2 a6 14. Qd3 Re8
15. Bg5 Rc8 16. Rad1 Nf8 17. Ne5 Nd5 18. Bd2 Bg5 19. Qf3 Rc7 20. Bxg5 Qxg5 21.
Be4 Nxc3 22. bxc3 Bxe4 23. Rxe4 Ng6 24. Nxg6 Qxg6 25. d5 Rd7 26. d6 Red8 27.
Red4 e5 28. R4d2 e4 29. Qe3 b5 30. Qb6 Qe6 31. Rd5 h6 32. Qd4 f5 33. a4 f4 34.
axb5 axb5 35. f3 exf3 36. gxf3 Rxd6 37. Rxd6 Rxd6 38. Qxd6 Qe3+ 39. Kg2 Qe2+
40. Kg1 Qe3+ 41. Kg2 Qe2+ 42. Kg1 Qe3+ 1/2-1/2

[Event "32. Münsterland Open"]
[Site "Senden, Deutschland"]
[Date "2014.10.12"]
[Round "4.5"]
[White "Steinle, Carsten"]
[Black "Kummerow, Heiko"]
[Result "1-0"]
[WhiteElo "2141"]
[BlackElo "2266"]
[PlyCount "65"]
[EventDate "2014.??.??"]
[WhiteTeam "SV Ahlen"]
[BlackTeam "Recklinghäuser Läufer-Ost"]

1. b3 e5 2. Bb2 Nc6 3. e3 d5 4. Bb5 Bd6 5. f4 Qh4+ 6. g3 Qe7 7. Nf3 f6 8. fxe5
fxe5 9. Bxc6+ bxc6 10. Nxe5 Nf6 11. Nxc6 Qe4 12. O-O Bh3 13. Rf2 Ng4 14. Rf3
Rf8 15. Nd4 Ne5 16. Rxf8+ Kxf8 17. Qe2 c6 18. Nc3 Qg6 19. Nxc6 Nxc6 20. Qf3+
Kg8 21. Qxd5+ Kh8 22. Qxc6 Rf8 23. Ne2 Qf7 24. Nf4 Bxf4 25. exf4 Rc8 26. Qe4
Re8 27. Be5 Bf5 28. Qc4 Qb7 29. Re1 Bd7 30. Qe2 Bc6 31. d4 Kg8 32. c4 Bf3 33.
Qe3 1-0

[Event "32. Münsterland Open"]
[Site "Senden, Deutschland"]
[Date "2014.10.12"]
[Round "4.6"]
[White "Ciornei, Dragos"]
[Black "Torres-Kuckel, Rafael"]
[Result "1/2-1/2"]
[WhiteElo "2138"]
[BlackElo "2259"]
[PlyCount "60"]
[EventDate "2014.??.??"]
[WhiteTeam "Oberhausener SV"]
[BlackTeam "SV Ahlen"]

1. e4 c5 2. Nf3 a6 3. c4 e6 4. Nc3 d6 5. d4 cxd4 6. Nxd4 Qc7 7. Be3 Nf6 8. Rc1
b6 9. g3 Bb7 10. Bg2 Nbd7 11. h3 Nc5 12. Qc2 Rc8 13. O-O Qb8 14. Rfe1 Be7 15.
f4 Qa8 16. Bf2 g6 17. Qe2 O-O 18. Kh2 Rfe8 19. h4 $6 Ncd7 $5 20. a3 $2 (20. Nb3
Bf8 $13) 20... Bf8 $2 (20... e5 21. Nb3 exf4 22. gxf4 Nh5 $36) 21. Nf3 $2 (21.
Nb3 h5 22. Bh3) 21... Bg7 $2 (21... Ng4+ 22. Kg1 Nxf2 23. Kxf2 d5 $17) 22. Bg1
Rc7 23. Nd2 Rec8 24. Na4 b5 25. Nb6 Nxb6 26. Bxb6 Re7 27. c5 dxc5 28. Rxc5 Nd7
29. Rxc8+ Qxc8 30. Bg1 Bc6 1/2-1/2

[Event "32. Münsterland Open"]
[Site "Senden, Deutschland"]
[Date "2014.10.12"]
[Round "4.7"]
[White "Holtel, Jasper"]
[Black "Seegers, Hendrik"]
[Result "1-0"]
[WhiteElo "1987"]
[BlackElo "2200"]
[PlyCount "59"]
[EventDate "2014.??.??"]
[WhiteTeam "SK Münster"]
[BlackTeam "SF Neuenkirchen"]

1. e4 e5 2. Nf3 Nc6 3. Bc4 Be7 4. c3 Nf6 5. d3 d6 6. Bb3 Be6 7. Nbd2 Qd7 8. Ba4
$5 h6 $2 (8... a6 9. Ng5 (9. d4 b5 10. Bc2 exd4 11. cxd4 Bg4 $11) 9... O-O 10.
Nxe6 fxe6 $14) 9. d4 $18 exd4 10. cxd4 O-O 11. d5 Nxd5 12. exd5 Bxd5 13. O-O
Qg4 14. Bb3 Be6 15. Re1 d5 16. Nf1 Rad8 17. Ng3 Bc5 18. Be3 d4 19. Bd2 Rfe8 20.
Re4 Qg6 21. Bxe6 Rxe6 22. Nh4 Qf6 23. Nh5 Qe7 24. Qg4 g5 25. Nf5 Qf8 26. Bxg5
Rxe4 27. Nf6+ Kh8 28. Nxe4 Rd5 29. Bxh6 Qg8 30. Bg7+ 1-0

[Event "32. Münsterland Open"]
[Site "Senden, Deutschland"]
[Date "2014.10.12"]
[Round "4.8"]
[White "Sazanov, Nikolay E"]
[Black "Neuer, Thomas"]
[Result "1-0"]
[WhiteElo "2262"]
[BlackElo "2082"]
[PlyCount "79"]
[EventDate "2014.??.??"]
[WhiteTeam "SC Steinfurt"]
[BlackTeam "SK Münster"]

1. d4 e6 2. e3 c5 3. f4 d5 4. c3 Nc6 5. Bd3 g5 6. Nh3 g4 7. Nf2 f5 8. h3 g3 9.
Qh5+ Kd7 10. Nd1 Nf6 11. Qe2 c4 12. Bc2 a6 13. a4 Rb8 14. Nd2 b5 15. axb5 axb5
16. Nf3 Bd6 17. b3 Ke7 18. bxc4 bxc4 19. O-O Bd7 20. Ne5 Rg8 21. Nb2 Na5 22.
Na4 Nb3 23. Bxb3 cxb3 24. Nc5 Qb6 25. Ba3 Bb5 26. c4 dxc4 27. Nxc4 Bxc4 28.
Qxc4 Nd5 29. e4 fxe4 30. f5 Qb5 31. Qxb5 Rxb5 32. fxe6 b2 33. Rf7+ Ke8 34. Bxb2
Rxb2 35. Nxe4 Bb8 $4 (35... Bf4 36. Rd7 Rg6 37. Rxd5 Rxe6 38. Nc5 Ree2 $11) 36.
Rd7 $4 (36. Rc1 $18) 36... Re2 $2 (36... Rg6 37. Rxd5 Rxe6 38. Re1 Rb4 $16) 37.
Rb1 (37. Nd6+ Bxd6 38. Ra8+) 37... Bf4 38. Ra1 Bb8 39. Rc1 Nc3 40. Nf6+ 1-0

[Event "32. Münsterland Open"]
[Site "Senden, Deutschland"]
[Date "2014.10.12"]
[Round "4.9"]
[White "Webb, Laurence"]
[Black "Starp, Klaus"]
[Result "1-0"]
[WhiteElo "2241"]
[BlackElo "2050"]
[PlyCount "121"]
[EventDate "2014.??.??"]
[WhiteTeam "SK Münster"]
[BlackTeam "SV Ahlen"]

1. e4 c5 2. Nf3 d6 3. c3 Nf6 4. Bd3 g6 5. Bc2 Bg7 6. d4 cxd4 7. cxd4 d5 8. e5
Ne4 9. O-O O-O 10. Ne1 f6 11. f3 Ng5 12. Nc3 Ne6 13. f4 Nc6 14. Nf3 fxe5 15.
fxe5 Rxf3 16. gxf3 Nexd4 17. Bb3 Bh3 18. Bxd5+ e6 19. Bxc6 Bxf1 20. Qxf1 Nxc6
21. f4 Qd4+ 22. Qf2 Qxf2+ 23. Kxf2 Rf8 24. Kg2 g5 25. fxg5 Bxe5 26. Be3 b6 27.
Rd1 Rd8 28. Rxd8+ Nxd8 29. h4 Nc6 30. Kf3 Kf7 31. h5 Na5 32. Ke4 Bb8 33. b3 Nc6
34. Nb5 Ne7 35. Bf4 Bxf4 36. Kxf4 Nd5+ 37. Ke5 a5 38. Nd4 Nb4 39. a3 Nd3+ 40.
Kd6 e5 41. Nf5 b5 42. Ng3 a4 43. bxa4 bxa4 44. Kc6 Ke6 45. Kb5 Nf4 46. Kxa4 Nh3
47. Ne4 Nf4 48. Ng3 Nh3 49. Kb5 Nxg5 50. a4 Kd5 51. a5 Ne6 52. Kb6 Nc5 53. h6
e4 54. Nf5 Na4+ 55. Kc7 Nc5 56. Ne3+ Kd4 57. Kc6 Na6 58. Nf1 e3 59. Ng3 Nc5 60.
Nf5+ Ke5 61. Nxe3 1-0

[Event "32. Münsterland Open"]
[Site "Senden, Deutschland"]
[Date "2014.10.12"]
[Round "4.10"]
[White "Rüberg, Jobst"]
[Black "Jungbluth, Michael"]
[Result "1-0"]
[WhiteElo "2167"]
[BlackElo "2029"]
[PlyCount "69"]
[EventDate "2014.??.??"]
[WhiteTeam "SV Ahlen"]
[BlackTeam "SV Unser Fritz"]

1. e4 e6 2. d4 d5 3. e5 c5 4. c3 Nc6 5. Nf3 Qb6 6. Be2 Nh6 7. Bxh6 gxh6 8. Qd2
Bg7 9. O-O O-O 10. Na3 cxd4 11. cxd4 Bd7 12. Nc2 f6 13. exf6 Rxf6 14. b4 Be8
15. b5 Ne7 16. a4 Ng6 17. g3 Bd7 18. Kg2 Raf8 19. Ne3 h5 20. Ne5 Nxe5 21. dxe5
Rh6 22. f4 Kh8 23. h4 Rg8 24. Kh2 Qd8 25. Rad1 Rg6 26. Rg1 Bh6 27. Nf1 Rxg3 28.
Rxg3 Qxh4+ 29. Kg2 Bxf4 30. Rxg8+ Kxg8 31. Qd3 Be8 32. Qh3 Qg5+ 33. Kh1 Bg6 34.
Qxe6+ Bf7 35. Qf6 1-0

[Event "32. Münsterland Open"]
[Site "Senden, Deutschland"]
[Date "2014.10.14"]
[Round "5.1"]
[White "Zaragatski, Ilja"]
[Black "Steinle, Carsten"]
[Result "1/2-1/2"]
[WhiteElo "2472"]
[BlackElo "2141"]
[PlyCount "151"]
[EventDate "2014.??.??"]
[WhiteTeam "SF Katernberg"]
[BlackTeam "SV Ahlen"]

1. g3 Nf6 2. Bg2 e6 3. c4 d5 4. Nf3 Be7 5. d4 O-O 6. Qc2 c5 7. O-O cxd4 8. Nxd4
Nc6 9. Nxc6 bxc6 10. b3 a5 11. Nc3 Ba6 12. Rd1 Qc8 13. Na4 Qb7 14. Bd2 Nd7 15.
Rab1 Qa7 16. Nb2 Ne5 17. Be3 Bc5 18. Bxc5 Qxc5 19. Qc3 dxc4 20. Nd3 Nxd3 21.
exd3 Qa3 22. dxc4 h6 23. Qb2 Qxb2 24. Rxb2 Rab8 25. Re2 a4 26. Re3 axb3 27.
axb3 c5 28. Kf1 Rb6 29. Ke2 Rfb8 30. Rdd3 Kf8 31. Kd2 Ke7 32. f4 $2 Bxc4 33.
Rc3 Bxb3 34. Rxc5 Ba4 35. Ke1 Rb1+ 36. Kf2 R8b2+ 37. Re2 Kd6 38. Rce5 Bb5 39.
Rxb2 Rxb2+ 40. Kg1 Rb1+ 41. Kf2 Rb2+ 42. Kg1 f6 43. Re1 Bc4 44. h4 Rd2 45. Ra1
Ba2 46. Rc1 Bd5 47. Bh3 g5 48. hxg5 hxg5 49. fxg5 fxg5 50. Rc8 Ke5 51. Rg8 Kf6
52. Rf8+ Kg7 53. Rf2 Rd3 54. Kh2 Rd1 55. Bg2 Kg6 56. g4 Ra1 57. Bxd5 exd5 58.
Rf5 Rd1 59. Kg2 d4 60. Rf8 Re1 61. Rd8 Re4 62. Rd6+ Kf7 63. Kg3 Ke7 64. Rd5 Kf6
65. Rf5+ Kg6 66. Rd5 Rf4 67. Rd6+ Kf7 68. Kh3 Re4 69. Kg3 Ke7 70. Rd5 Ke6 71.
Rxg5 d3 72. Rg8 Ke7 73. Rg7+ Kd8 74. Rg8+ Kc7 75. Rg7+ Kc6 76. Rg8 1/2-1/2

[Event "32. Münsterland Open"]
[Site "Senden, Deutschland"]
[Date "2014.10.14"]
[Round "5.2"]
[White "Holtel, Jasper"]
[Black "Podzielny, Karl-Heinz"]
[Result "0-1"]
[WhiteElo "1987"]
[BlackElo "2451"]
[PlyCount "84"]
[EventDate "2014.??.??"]
[WhiteTeam "SK Münster"]
[BlackTeam "SV Letmathe"]

1. e4 c5 2. d4 cxd4 3. c3 d3 4. Bxd3 Nc6 5. c4 Nf6 6. Nf3 g6 7. O-O Bg7 8. h3
d6 9. Nc3 Nd7 10. Be3 O-O 11. Rc1 Nc5 12. Bb1 Be6 13. Qe2 b6 14. b3 a5 15. Ng5
a4 16. Nxe6 fxe6 17. Nxa4 Nxa4 18. bxa4 Bd4 19. f4 e5 20. f5 Rxa4 21. Kh2 Bxe3
22. Qxe3 Kg7 23. h4 Nd4 24. h5 gxh5 25. Rc3 Rf6 26. Qg5+ Kh8 27. Qxh5 Qf8 28.
Rh3 Qf7 29. Qh4 Rb4 30. g4 Rb2+ 31. Kh1 Qg7 32. g5 Rf7 33. Rg3 (33. Bd3 $18
Rxa2 34. g6 Rf6 35. c5 $1 b5 36. Qxh7+ Qxh7 37. Rxh7+ Kg8 38. c6 Nxc6 39. Bxb5
d5 40. Bxc6 Rxc6 41. exd5 Rf6 42. Rxe7) 33... Ne6 (33... Rf8 34. Rh3 Kg8 35.
Bd3 Rd2 36. Rg1 Ne2 37. Bxe2 Rxe2 38. Ra3) 34. g6 Rf6 35. Rh3 (35. Rfg1 Nf8 36.
Ra3 $1 $18 h6 37. Bd3 Kg8 38. Ra7 Rd2 39. Qg3) 35... Nf8 36. Rg1 Nxg6 37. fxg6
$4 (37. Qg5 $18) 37... Rxg6 $19 38. Rf1 Rh6 39. Rg1 Rxh4 40. Rxh4 Qf6 41. Rh3
Rf2 42. Rhg3 Qh4+ 0-1

[Event "32. Münsterland Open"]
[Site "Senden, Deutschland"]
[Date "2014.10.14"]
[Round "5.3"]
[White "Karpatchev, Aleksandr"]
[Black "Gutman, Lev"]
[Result "1/2-1/2"]
[WhiteElo "2442"]
[BlackElo "2415"]
[PlyCount "63"]
[EventDate "2014.??.??"]
[WhiteTeam "SF Bad Mergentheim"]
[BlackTeam "SV Lingen"]

1. e4 c5 2. c3 Nf6 3. e5 Nd5 4. d4 cxd4 5. Nf3 d6 6. cxd4 Nc6 7. Bc4 Nb6 8. Bb5
dxe5 9. Nxe5 Bd7 10. Nxd7 Qxd7 11. Nc3 e6 12. O-O Rd8 13. a4 a6 14. Bxc6 Qxc6
15. Bg5 f6 16. Be3 Be7 17. Qh5+ g6 18. Qh6 Kf7 19. Rfc1 Nd5 20. Nxd5 Qxd5 21.
Rc7 Rd7 22. Rac1 Bf8 23. Qh4 Be7 24. Qh6 Bf8 25. Qh4 Be7 26. Rc8 Rdd8 27. R8c7
Rd7 28. Rc8 Rdd8 29. R8c4 h5 30. f3 Bd6 31. Qe4 Qxe4 32. fxe4 1/2-1/2

[Event "32. Münsterland Open"]
[Site "Senden, Deutschland"]
[Date "2014.10.14"]
[Round "5.4"]
[White "Pähtz, Thomas"]
[Black "Rüberg, Jobst"]
[Result "1-0"]
[WhiteElo "2362"]
[BlackElo "2167"]
[PlyCount "61"]
[EventDate "2014.??.??"]
[WhiteTeam "Ilmenauer SV"]
[BlackTeam "SV Ahlen"]

1. e4 c5 2. Nf3 e6 3. d4 cxd4 4. Nxd4 a6 5. Bd3 Nc6 6. Nxc6 dxc6 7. Nd2 Qc7 8.
O-O Nf6 9. a4 a5 10. Nc4 e5 11. Be3 Nd7 12. f4 b5 13. axb5 cxb5 14. Nxe5 Bc5
15. Ng4 h5 16. Bxc5 Qxc5+ 17. Nf2 Nf6 18. b4 Qxb4 19. Rb1 Qe7 20. Rxb5 O-O 21.
Qa1 Qa7 22. Rg5 Qe7 23. e5 Nd5 24. Ne4 g6 25. Bc4 Ne3 26. Rxg6+ Kh7 27. Rg5 Kh6
28. Be2 Nxf1 29. Rxh5+ Kg6 30. Rg5+ Kh6 31. Qe1 1-0

[Event "32. Münsterland Open"]
[Site "Senden, Deutschland"]
[Date "2014.10.14"]
[Round "5.5"]
[White "Kammers, Heribert"]
[Black "Dahm, Jochen"]
[Result "1/2-1/2"]
[WhiteElo "2163"]
[BlackElo "2282"]
[PlyCount "112"]
[EventDate "2014.??.??"]
[WhiteTeam "SK Münster"]
[BlackTeam "SG Bochum"]

1. d4 Nf6 2. Bg5 Ne4 3. Bf4 d5 4. e3 c5 5. Bd3 cxd4 6. exd4 Nc6 7. c3 Bf5 8.
Nf3 e6 9. O-O Qb6 10. Qe2 Be7 11. Rc1 O-O 12. Rc2 Rac8 13. Nbd2 Nd6 14. Rac1
Bxd3 15. Qxd3 Qb5 16. Qxb5 Nxb5 17. Ne5 g5 18. Nxc6 Rxc6 19. Be3 Nd6 20. c4
dxc4 21. Nxc4 Nxc4 22. Rxc4 Rb6 23. b3 Rb5 24. Rc7 Ba3 25. R1c4 Rd8 26. g4 Kg7
27. Kg2 Bd6 28. Rc8 Rxc8 29. Rxc8 Rd5 30. Rd8 Be7 31. Rxd5 exd5 32. Kf3 Kf6 33.
Ke2 Ke6 34. Kd3 f5 35. h3 fxg4 36. hxg4 Kf7 37. f3 Kg6 38. Bf2 Bd6 39. Be1 h5
40. gxh5+ Kxh5 41. Bf2 Kg6 42. Be1 Kf5 43. Bd2 b6 44. Be3 Bb4 45. Bc1 b5 46. a4
a6 47. axb5 axb5 48. Be3 Be1 49. Ke2 Bg3 50. Kd3 Kg6 51. Bd2 Bf2 52. Kc3 Kh5
53. Kb4 Bxd4 54. Kxb5 Bf2 55. Kb4 Kh4 56. Kc3 Bc5 1/2-1/2

[Event "32. Münsterland Open"]
[Site "Senden, Deutschland"]
[Date "2014.10.14"]
[Round "5.6"]
[White "Müller, Martin"]
[Black "Sazanov, Nikolay E"]
[Result "0-1"]
[WhiteElo "2119"]
[BlackElo "2262"]
[PlyCount "72"]
[EventDate "2014.??.??"]
[WhiteTeam "SV Unser Fritz"]
[BlackTeam "SC Steinfurt"]

1. e4 e6 2. d4 b6 3. Nc3 Bb7 4. Nf3 Nf6 5. Bd3 d5 6. Bg5 dxe4 7. Bxe4 Bxe4 8.
Nxe4 Be7 9. Bxf6 Bxf6 10. Qd3 O-O 11. O-O-O Nd7 12. h4 Re8 13. g4 Nf8 14. g5
Be7 15. h5 c5 16. Rdg1 Rc8 17. Ne5 Qxd4 18. Qxd4 cxd4 19. Nf6+ Bxf6 20. gxf6 g6
21. Rg2 Rc5 22. f4 Rec8 23. hxg6 Nxg6 24. Kb1 Rd5 25. Rgh2 Nxe5 26. fxe5 Rxe5
27. Rg2+ $2 (27. Rg1+ Kh8 28. Rh6 Re2 29. a3 Rcxc2 30. Rg7 $11) 27... Kf8 28.
b3 h5 $17 29. Rhg1 Ke8 30. Rd2 Rd8 31. Rg8+ Kd7 32. Rg7 Rf8 33. Rxd4+ Rd5 34.
Rxd5+ exd5 35. Rg5 $2 (35. Rh7 Ke6 36. Rxh5) 35... Rh8 $19 36. Rxd5+ Ke6 0-1

[Event "32. Münsterland Open"]
[Site "Senden, Deutschland"]
[Date "2014.10.14"]
[Round "5.7"]
[White "Torres-Kuckel, Rafael"]
[Black "Krüger, Andre"]
[Result "1/2-1/2"]
[WhiteElo "2259"]
[BlackElo "2163"]
[PlyCount "54"]
[EventDate "2014.??.??"]
[WhiteTeam "SV Ahlen"]
[BlackTeam "SV Mülheim-Nord"]

1. e4 c5 2. Nf3 e6 3. d4 cxd4 4. Nxd4 Nf6 5. Nc3 Nc6 6. g3 Bb4 7. Bg2 d6 8.
Nde2 O-O 9. O-O Qe7 10. h3 Bd7 11. f4 Bc5+ 12. Kh2 a6 13. g4 h6 14. b3 b5 15.
Bb2 Rad8 16. Qd2 Ba7 17. Ng3 b4 18. Nce2 Bc8 19. a3 d5 20. e5 Ne4 21. Qd3 Bb7
22. c3 $2 (22. axb4 Nxb4 23. Qd1) 22... bxc3 23. Nxc3 Na5 24. Qd1 Nc6 (24...
Nc5 $1 25. b4 Nc4 26. bxc5 Nxb2 27. Qe2 Nc4 $19) 25. Qd3 Na5 26. Qd1 Nc6 27.
Qd3 Na5 $2 (27... Nc5 28. Qd1 Na5) 1/2-1/2

[Event "32. Münsterland Open"]
[Site "Senden, Deutschland"]
[Date "2014.10.14"]
[Round "5.8"]
[White "Haselhorst, Helmut"]
[Black "Webb, Laurence"]
[Result "0-1"]
[WhiteElo "2113"]
[BlackElo "2241"]
[PlyCount "68"]
[EventDate "2014.??.??"]
[WhiteTeam "SC Steinfurt"]
[BlackTeam "SK Münster"]

1. e4 e6 2. d4 d5 3. Nd2 Nf6 4. e5 Ne4 5. Bd3 Nxd2 6. Bxd2 c5 7. c3 Nc6 8. Nf3
Qb6 9. Qb3 c4 10. Qxb6 axb6 11. Bc2 b5 12. O-O b4 13. Ng5 h6 14. Nh3 bxc3 15.
bxc3 Ba3 16. Rae1 b5 17. f4 g6 18. Nf2 b4 19. Rb1 h5 20. Rfd1 Bd7 21. Be1 bxc3
22. Bxc3 Ke7 23. Rb6 Rhb8 24. Rxb8 Rxb8 25. f5 exf5 26. Nh3 Bb2 27. Nf4 Be6 28.
Ba4 Nd8 29. Rb1 Bxc3 30. Rxb8 Bxd4+ 31. Kf1 Bxe5 32. Nxd5+ Bxd5 33. Rb5 Kd6 34.
Bd1 c3 0-1

[Event "32. Münsterland Open"]
[Site "Senden, Deutschland"]
[Date "2014.10.14"]
[Round "5.9"]
[White "Böhm, Jürgen"]
[Black "Ciornei, Dragos"]
[Result "1-0"]
[WhiteElo "2172"]
[BlackElo "2138"]
[PlyCount "87"]
[EventDate "2014.??.??"]
[WhiteTeam "SF Brackel"]
[BlackTeam "Oberhausener SV"]

1. d4 Nf6 2. Bg5 Ne4 3. Bf4 c5 4. f3 Nf6 5. dxc5 e5 6. Bxe5 Bxc5 7. Bd4 Qb6 8.
Bxc5 Qxc5 9. Qd2 Nc6 10. Nc3 d5 11. e3 O-O 12. O-O-O Be6 13. Nge2 a6 14. Nd4 b5
15. Nxc6 Qxc6 16. Ne2 Qc4 17. Qa5 Rfc8 18. Nd4 Qc5 19. Bd3 Ne8 20. Rhe1 Nd6 21.
Kb1 Nb7 22. Qd2 Nd6 23. Rc1 a5 24. c3 Rab8 25. Ka1 Qb6 26. h4 Rc7 27. h5 Rbc8
28. h6 g6 29. Kb1 b4 30. cxb4 axb4 31. Rxc7 Rxc7 32. Rc1 Rxc1+ 33. Qxc1 Nc4 34.
b3 Ne5 35. Be2 f6 36. Nxe6 Qxe6 37. Qc7 Qd7 38. Qb8+ Kf7 39. Qxb4 Qf5+ 40. e4
dxe4 41. Qxe4 Qd7 42. f4 Nc6 43. Qc4+ Kf8 44. Qc5+ 1-0